| 000 | nam a22 a 4500 | ||
|---|---|---|---|
| 999 |
_c3382 _d3382 |
||
| 005 | 20170522124511.0 | ||
| 008 | 170522b1986 S ||||| |||| 00| 0 eng d | ||
| 020 | _a007Y665060 | ||
| 040 | _aAKMAL | ||
| 082 | _a658.40388 LUC | ||
| 090 |
_a658.40388 _bLUC |
||
| 245 |
_aINFORMATION SYSTEMS CONCEPTS FOR MANAGEMENT _cHENRY C. LUCAS, JR. |
||
| 260 |
_aSINGAPORE _bMcGRAW-HILL _c1986 |
||
| 300 |
_a562pg,; _c20 cm |
||
| 942 |
_2ddc _cBOOK |
||